Metallica Songs Played Live - Statistics

General Stats
  • This quiz has been taken 38 times
  • The average score is 36 of 91
Answer Stats
Play Count Song % Correct
1,698 Master of Puppets
91%
1,368 Enter Sandman
87%
1,543 One
87%
71 Orion
83%
381 Ride the Lightning
83%
514 The Unforgiven
83%
520 Blackened
78%
1,546 For Whom the Bell Tolls
78%
1,350 Sad But True
78%
1,547 Seek & Destroy
78%
1,575 Creeping Death
74%
1,229 Fade to Black
74%
1,245 Nothing Else Matters
74%
1,000 Welcome Home (Sanitarium)
74%
981 Battery
70%
1 Escape
70%
343 Fight Fire With Fire
70%
87 The Call of Ktulu
70%
278 ...And Justice for All
65%
524 Fuel
65%
22 Trapped Under Ice
65%
815 Wherever I May Roam
65%
934 Whiplash
65%
298 Damage, Inc.
61%
817 Harvester of Sorrow
61%
575 The Four Horsemen
61%
160 Disposable Heroes
57%
20 Don't Tread on Me
57%
225 Hit the Lights
57%
6 The Unforgiven II
57%
361 King Nothing
52%
184 St. Anger
52%
275 The Thing That Should Not Be
52%
1 To Live is to Die
52%
133 (Anesthesia) Pulling Teeth
48%
35 Dyers Eve
48%
132 Eye of the Beholder
48%
95 Jump in the Fire
48%
120 Leper Messiah
48%
248 Through the Never
48%
90 Metal Militia
43%
240 No Remorse
43%
264 Of Wolf and Man
43%
167 Phantom Lord
43%
93 Holier Than Thou
39%
12 The Frayed Ends of Sanity
39%
300 The Memory Remains
39%
10 The Unforgiven III
39%
327 Motorbreath
35%
97 The Shortest Straw
35%
197 Frantic
30%
1 Mama Said
30%
21 My Friend of Misery
30%
104 The God that Failed
30%
20 The Struggle Within
30%
162 Bleeding Me
26%
167 Hardwired
26%
177 The Day That Never Comes
26%
16 The Outlaw Torn
26%
243 Until It Sleeps
26%
74 Hero of the Day
22%
10 2 X 4
17%
175 Ain't My Bitch
17%
1 Fixxxer
17%
168 Moth Into Flame
17%
129 Atlas, Rise!
13%
189 Cyanide
13%
3 Some Kind of Monster
13%
30 The Judas Kiss
13%
44 Devil's Dance
9%
32 Dirty Window
9%
90 Halo on Fire
9%
65 Low Man's Lyric
9%
37 My Apocalypse
9%
130 Now That We're Dead
9%
4 Poor Twisted Me
9%
2 Suicide & Redemption
9%
1 Sweet Amber
9%
170 That Was Just Your Life
9%
101 Wasting My Hate
9%
103 All Nightmare Long
4%
4 Carpe Diem Baby
4%
58 Spit Out the Bone
4%
150 The End of the Line
4%
17 The Unnamed Feeling
4%
7 All Within My Hands
0%
156 Broken, Beat & Scarred
0%
31 Confusion
0%
21 Dream No More
0%
22 Here Comes Revenge
0%
2 ManUNKind
0%
No matching quizzes found
Score Distribution
Percent of People with Each Score
Percentile by Number Answered
Your Score History
You have not taken this quiz